000 00408nam a2200121Ia 4500
008 220615s9999||||xx |||||||||||||| ||und||
100 _aYumiko Nakanishi
245 0 _aContemporary Issues in Human Rights Law: Europe and Asia
546 _aEnglish[eng]
650 _aEU fundamental rights||constitutional law||international
856 _uhttps://link.springer.com/book/10.1007/978-981-10-6129-5
942 _cEB
999 _c16694
_d16694